[Event "Hong Kong Jolimark op"]
[Site "Hong Kong"]
[Date "2018.12.25"]
[Round "6"]
[White "Lin, Ze Jun"]
[Black "Mattausch, Jason"]
[Result "1-0"]
[WhiteElo "1641"]
[BlackElo "1385"]
[PlyCount "45"]
[EventDate "2018.12.22"]
[EventType "swiss"]
[EventRounds "9"]
[EventCountry "HKG"]
[SourceTitle "CBM 188 Extra"]
[Source "ChessBase"]
[SourceDate "2019.02.26"]
[SourceVersion "1"]
[SourceVersionDate "2019.02.26"]
[SourceQuality "1"]

1. e4 c5 2. Nf3 g6 3. d4 cxd4 4. Nxd4 Bg7 5. Nc3 Nc6 6. Be3 Nf6 7. Bc4 Qa5 8. f3 0-0 9. Qd2 Qb4 10. Nxc6 bxc6 11. Bb3 d5 12. exd5 cxd5 13. a3 Qa5 14. 0-0-0 Rb8 15. Kb1 Bf5 16. Nxd5 Qxd2 17. Nxe7+ Kh8 18. Bxd2 Rxb3 19. Nxf5 Rxb2+ 20. Kxb2 Ne4+ 21. Nxg7 Nf2 22. Bc3 Rb8+ 23. Ka2 1-0

[Event "Hong Kong Jolimark op"]
[Site "Hong Kong"]
[Date "2018.12.24"]
[Round "4"]
[White "Li, Shanglin B"]
[Black "Mattausch, Jason"]
[Result "1-0"]
[WhiteElo "1750"]
[BlackElo "1385"]
[PlyCount "45"]
[EventDate "2018.12.22"]
[EventType "swiss"]
[EventRounds "9"]
[EventCountry "HKG"]
[SourceTitle "CBM 188 Extra"]
[Source "ChessBase"]
[SourceDate "2019.02.26"]
[SourceVersion "1"]
[SourceVersionDate "2019.02.26"]
[SourceQuality "1"]

1. e4 c5 2. Nf3 g6 3. d4 cxd4 4. Nxd4 Bg7 5. c4 Nc6 6. Be3 Nf6 7. Nc3 Ng4 8. Qxg4 Nxd4 9. Qd1 Nc6 10. Qd2 0-0 11. Be2 d6 12. 0-0 Bd7 13. f4 Qc8 14. Rfd1 Bg4 15. Rac1 Bxe2 16. Qxe2 Qe6 17. Bf2 f5 18. Re1 fxe4 19. Qxe4 Qxe4 20. Rxe4 Rxf4 21. Rxf4 Bh6 22. Be3 e5 23. Rf3 1-0

[Event "Hong Kong Jolimark op"]
[Site "Hong Kong"]
[Date "2018.12.24"]
[Round "5"]
[White "Mattausch, Jason"]
[Black "Ozbek, Gorkem"]
[Result "1-0"]
[WhiteElo "1385"]
[BlackElo "1670"]
[PlyCount "131"]
[EventDate "2018.12.22"]
[EventType "swiss"]
[EventRounds "9"]
[EventCountry "HKG"]
[SourceTitle "CBM 188 Extra"]
[Source "ChessBase"]
[SourceDate "2019.02.26"]
[SourceVersion "1"]
[SourceVersionDate "2019.02.26"]
[SourceQuality "1"]

1. Nf3 Nf6 2. c4 c5 3. Nc3 d5 4. cxd5 Nxd5 5. g3 Nc6 6. Bg2 Nc7 7. 0-0 e5 8. d3 Be7 9. a3 0-0 10. Qc2 Rb8 11. e3 Bf5 12. Ne4 Ne6 13. b3 Qb6 14. Bb2 f6 15. Nh4 Bg4 16. h3 Bh5 17. g4 Bf7 18. Nf5 Rbc8 19. Ned6 Bxd6 20. Nxd6 Rcd8 21. Nxf7 Rxf7 22. Rfd1 Rfd7 23. Be4 g6 24. h4 Qa6 25. Qc4 Qxc4 26. bxc4 Ne7 27. Rac1 b6 28. Kg2 f5 29. gxf5 gxf5 30. Bf3 e4 31. dxe4 fxe4 32. Bg4 Kf7 33. Rxd7 Rxd7 34. Rd1 Rxd1 35. Bxd1 Nc6 36. Bc2 Na5 37. Bxe4 Nxc4 38. Bc1 h5 39. Bd5 Nd6 40. Bb2 c4 41. a4 Ke7 42. Ba3 Nc5 43. a5 c3 44. axb6 axb6 45. Kf1 Nf5 46. Bf3 Ke6 47. Bxc5 bxc5 48. Ke2 Nxh4 49. Bxh5 Ke5 50. Kd3 c2 51. Kxc2 Nf5 52. Kd2 Nd6 53. Bg6 Kf6 54. Bc2 Ke5 55. Kc3 Kf6 56. Bd3 Ke5 57. f3 Kf6 58. f4 Ke6 59. e4 Nb7 60. Kc4 Kd6 61. e5+ Ke6 62. Be4 Nd8 63. Kxc5 Ke7 64. Bd5 Kf8 65. Kd6 Ke8 66. e6 1-0

[Event "Hong Kong Jolimark op"]
[Site "Hong Kong"]
[Date "2017.12.27"]
[Round "9"]
[White "Chin, Shun Yi"]
[Black "Mattausch, Jason"]
[Result "1-0"]
[WhiteElo "1538"]
[BlackElo "1511"]
[PlyCount "57"]
[EventDate "2017.12.23"]
[EventType "swiss"]
[EventRounds "9"]
[EventCountry "HKG"]
[SourceTitle "CBM 182 Extra"]
[Source "ChessBase"]
[SourceDate "2018.02.23"]
[SourceVersion "1"]
[SourceVersionDate "2018.02.23"]
[SourceQuality "1"]

1. c4 Nf6 2. d3 b6 3. Nf3 Bb7 4. g3 g6 5. Bg2 Bg7 6. Nc3 0-0 7. 0-0 c5 8. Rb1 d5 9. cxd5 Nxd5 10. Nxd5 Bxd5 11. b3 e6 12. Bb2 Bxb2 13. Rxb2 Qf6 14. Qb1 e5 15. Rc1 Nc6 16. a3 a5 17. Ne1 Rad8 18. Nc2 Nd4 19. Nxd4 exd4 20. b4 Bxg2 21. Kxg2 axb4 22. axb4 cxb4 23. Rxb4 Rd6 24. Rcc4 Rfd8 25. Qb2 Qe6 26. Rb5 Rc6 27. Rxd4 Rxd4 28. Qxd4 Qxe2 29. Re5 1-0

[Event "Hong Kong Jolimark op"]
[Site "Hong Kong"]
[Date "2017.12.25"]
[Round "5"]
[White "Chung, Ethan Cheung Jing"]
[Black "Mattausch, Jason"]
[Result "1-0"]
[WhiteElo "1462"]
[BlackElo "1511"]
[PlyCount "39"]
[EventDate "2017.12.23"]
[EventType "swiss"]
[EventRounds "9"]
[EventCountry "HKG"]
[SourceTitle "CBM 182 Extra"]
[Source "ChessBase"]
[SourceDate "2018.02.23"]
[SourceVersion "1"]
[SourceVersionDate "2018.02.23"]
[SourceQuality "1"]

1. e4 c5 2. Nf3 g6 3. d4 cxd4 4. Nxd4 Bg7 5. Nc3 Nc6 6. Be3 Nf6 7. Bc4 Qa5 8. f3 0-0 9. 0-0 Qb4 10. Bb3 Nxe4 11. Nxc6 Nxc3 12. Nxb4 Nxd1 13. Raxd1 Bxb2 14. Bh6 Bg7 15. Bg5 e6 16. Bf4 d5 17. Ba4 e5 18. Bc1 b5 19. Bxb5 Rb8 20. a4 1-0

[Event "Hong Kong Jolimark op"]
[Site "Hong Kong"]
[Date "2017.12.23"]
[Round "1"]
[White "Concio, Michael Jr"]
[Black "Mattausch, Jason"]
[Result "1-0"]
[WhiteElo "1853"]
[BlackElo "1511"]
[PlyCount "41"]
[EventDate "2017.12.23"]
[EventType "swiss"]
[EventRounds "9"]
[EventCountry "HKG"]
[SourceTitle "CBM 182 Extra"]
[Source "ChessBase"]
[SourceDate "2018.02.23"]
[SourceVersion "1"]
[SourceVersionDate "2018.02.23"]
[SourceQuality "1"]

1. d4 d6 2. Nf3 Nf6 3. g3 c6 4. Bg2 e6 5. 0-0 Be7 6. c4 0-0 7. Nc3 Nbd7 8. b3 e5 9. e3 Re8 10. Bb2 Qc7 11. Qc2 b6 12. Rfd1 Bb7 13. Rd2 Rac8 14. Rad1 Bf8 15. dxe5 Nxe5 16. Nxe5 dxe5 17. Ne4 Nxe4 18. Qxe4 f6 19. Rd7 Qb8 20. Qf5 Kh8 21. Be4 1-0